|
|
|
|
| LEADER |
00000cam a2200000 7i4500 |
| 001 |
0000014591 |
| 005 |
20080304.0 |
| 008 |
080304 |
| 020 |
|
|
|a 9676112127
|
| 090 |
0 |
0 |
|a 709.595
|b MUL
|
| 100 |
0 |
|
|a Muliyadi Mahamood
|
| 245 |
1 |
0 |
|a Seni lukis moden Malaysia :
|b era perintis hingga era pluralis
|c Muliyadi Mahamood
|
| 260 |
|
|
|a Kuala Lumpur :
|b Utusan Publications & Distributors ,
|c 2004
|
| 650 |
|
0 |
|a Art, Malaysian
|
| 650 |
|
0 |
|a Art, Modern
|x 20th century
|z Malaysia
|
| 650 |
|
0 |
|a Drawing
|z Malaysia
|
| 999 |
|
|
|a 0001013188
|b Book
|c Adult Collection
|e Perbadanan Perpustakaan Awam Johor
|
| 999 |
|
|
|a 0001013189
|b Book
|c Adult Collection
|e Cawangan Urban Transformation Centre
|